[Event "VI Open Natale Vomero"]
[Site "Napoli ITA"]
[Date "2010.11.26"]
[Round "4"]
[White "Pinto, Gaetano"]
[Black "Somma, Erminio"]
[Result "1-0"]
[WhiteElo "2041"]
[BlackElo "1460"]
[PlyCount "25"]
[EventDate "2010.11.05"]

1. d4 f5 2. g3 Nf6 3. Bg2 g6 4. c3 Bg7 5. Qb3 c6 6. Nf3 e6 7. Nbd2 O-O 8. O-O
Kh8 9. Nc4 d6 10. Bf4 d5 11. Nd6 Qe7 12. Ne5 h6 13. Nxg6+ 1-0

[Event "VI Open Natale Vomero"]
[Site "Napoli ITA"]
[Date "2010.11.26"]
[Round "4"]
[White "Russo Spena, Vincenzo"]
[Black "Gallina, Giacomo"]
[Result "0-1"]
[WhiteElo "1397"]
[BlackElo "1704"]
[PlyCount "119"]
[EventDate "2010.11.05"]

1. Nf3 Nc6 2. g3 e5 3. e4 Bc5 4. Nxe5 Bxf2+ 5. Kxf2 Nxe5 6. Bg2 Qf6+ 7. Ke1 d6
8. h3 Qg5 9. g4 Qh4+ 10. Kf1 Bd7 11. d4 Bb5+ 12. Kg1 Nd7 13. e5 dxe5 14. Bxb7
Qg3+ 15. Bg2 Bc6 16. d5 Bb7 17. Nc3 f5 18. Ne2 Qh4 19. gxf5 Ngf6 20. Nc3 O-O
21. Qd2 Nb6 22. Qf2 Qh5 23. Bf3 Qxf5 24. Qg2 Rf7 25. Bg4 Nxg4 26. hxg4 Qd7 27.
Qh3 g6 28. Bg5 Nxd5 29. Rd1 c6 30. Ne4 Qc7 31. Rf1 Rxf1+ 32. Qxf1 Qb6+ 33. Kh2
Rf8 34. Qh3 Qxb2 35. Qb3 Qxb3 36. cxb3 Bc8 37. Kg3 Rf7 38. Rc1 Bd7 39. Bh6 Nf6
40. Nd6 Re7 41. Bg5 Re6 42. Bxf6 Rxf6 43. Ne4 Rf4 44. Nf2 Kf7 45. Re1 Ke6 46.
Nd3 Rd4 47. Nxe5 Kd6 48. Nc4+ Kc5 49. Re5+ Kb4 50. g5 Bf5 51. Re2 Rd7 52. Re3
Rd3 53. Kf3 a5 54. Ke2 Rxe3+ 55. Kxe3 a4 56. bxa4 Kxc4 57. a5 Bc8 58. Ke4 Kb5
59. Kd4 Kxa5 60. Kc3 0-1

[Event "VI Open Natale Vomero"]
[Site "Napoli ITA"]
[Date "2010.11.26"]
[Round "4"]
[White "Schiappoli, Dario"]
[Black "Cosenza, Gianni"]
[Result "0-1"]
[WhiteElo "1955"]
[BlackElo "1940"]
[PlyCount "68"]
[EventDate "2010.11.05"]

1. e4 e6 2. Nf3 d5 3. e5 c5 4. b4 cxb4 5. a3 Nc6 6. axb4 Bxb4 7. c3 Be7 8. d4
f6 9. Bd3 fxe5 10. Nxe5 Nf6 11. Qf3 O-O 12. Qh3 Qe8 13. g4 a6 14. Nd2 g6 15.
O-O Nxe5 16. dxe5 Nd7 17. f4 Bc5+ 18. Kh1 b6 19. Nf3 Bb7 20. Nd4 b5 21. Ba3 Qe7
22. Bxc5 Nxc5 23. Be2 Ne4 24. Rae1 Rac8 25. Rc1 Rc7 26. Kg1 Rfc8 27. g5 Rxc3
28. Rxc3 Rxc3 29. Qxe6+ Qxe6 30. Nxe6 Bc8 31. Bg4 b4 32. Rd1 b3 33. Rxd5 b2 34.
Rd8+ Kf7 0-1

[Event "VI Open Natale Vomero"]
[Site "Napoli ITA"]
[Date "2010.11.26"]
[Round "4"]
[White "Seletsky, Grigory"]
[Black "Caiazzo, Diego"]
[Result "1-0"]
[WhiteElo "2317"]
[BlackElo "1870"]
[PlyCount "67"]
[EventDate "2010.11.05"]

1. e4 e6 2. d4 d5 3. Nd2 dxe4 4. Nxe4 Nd7 5. Nf3 Ngf6 6. Bg5 Be7 7. Nxf6+ Bxf6
8. h4 h6 9. Bxf6 Qxf6 10. Bd3 c5 11. Qe2 cxd4 12. O-O-O Qf4+ 13. Kb1 Ke7 14.
Bb5 Rd8 15. Rxd4 Qc7 16. Rhd1 a6 17. Ba4 b5 18. Bb3 Bb7 19. c3 Nc5 20. Bc2 Bxf3
21. Qxf3 Rac8 22. Qe3 Nd7 23. g4 Nb6 24. Bb3 Rxd4 25. Qxd4 e5 26. Re1 f6 27. f4
Rd8 28. Qb4+ Kd7 29. fxe5 fxe5 30. Qe4 Re8 31. Qf5+ Kd8 32. Rd1+ Nd7 33. Be6
Re7 34. Bxd7 1-0

[Event "VI Open Natale Vomero"]
[Site "Napoli ITA"]
[Date "2010.11.26"]
[Round "4"]
[White "Somma, Andrea"]
[Black "Esposito, Rosario"]
[Result "1-0"]
[WhiteElo "1422"]
[BlackElo "1822"]
[PlyCount "93"]
[EventDate "2010.11.05"]

1. e4 c5 2. Nf3 e6 3. Nc3 Nc6 4. Bc4 g6 5. d3 Bg7 6. Nb5 d5 7. exd5 exd5 8.
Bxd5 Qa5+ 9. Nc3 Nge7 10. Bxc6+ Nxc6 11. Bd2 O-O 12. O-O Bg4 13. h3 Bxf3 14.
Qxf3 Qb4 15. a3 Qxb2 16. Rfb1 Qxc2 17. Ra2 Qxb1+ 18. Nxb1 Nd4 19. Qd1 Rfe8 20.
Bc3 Re7 21. Bxd4 Bxd4 22. Re2 Rae8 23. Rxe7 Rxe7 24. Nd2 b6 25. Nf3 Bc3 26. Qb3
Bg7 27. Qd5 h6 28. d4 cxd4 29. Nxd4 Re5 30. Qa8+ Kh7 31. Nc6 Re1+ 32. Kh2 a5
33. Qa7 Kg8 34. Qxb6 Re6 35. Qb7 Re2 36. Qc8+ Kh7 37. Qd7 Rxf2 38. Qe8 h5 39.
Nd8 Rf5 40. Nxf7 a4 41. Qe7 Kg8 42. Ng5 Be5+ 43. g3 Bg7 44. Ne6 Rf7 45. Qe8+
Bf8 46. Nxf8 Rxf8 47. Qxa4 1-0

[Event "VI Open Natale Vomero"]
[Site "Napoli ITA"]
[Date "2010.11.26"]
[Round "4"]
[White "Taurisano, Vincenzo"]
[Black "Accardo, Francesco"]
[Result "1-0"]
[WhiteElo "1781"]
[BlackElo "1856"]
[PlyCount "85"]
[EventDate "2010.11.05"]

1. d4 b5 2. Nf3 Bb7 3. Bf4 a5 4. e3 b4 5. Nbd2 Nf6 6. Bd3 e6 7. O-O Be7 8. h3
Na6 9. e4 h6 10. Qe2 g5 11. Be5 d6 12. Bxf6 Bxf6 13. e5 Be7 14. Bc4 d5 15. Bd3
c5 16. c4 h5 17. cxd5 g4 18. hxg4 hxg4 19. Nh2 Bg5 20. Ne4 Bf4 21. g3 f5 22.
Nf6+ Ke7 23. gxf4 Rxh2 24. Kxh2 Qh8+ 25. Kg1 Qh3 26. Qe3 Qh6 27. Kg2 cxd4 28.
Qg3 Rf8 29. Rh1 Rxf6 30. exf6+ Qxf6 31. Qh4 Bxd5+ 32. Kg3 Bxh1 33. Qxf6+ Kxf6
34. Bxa6 Bd5 35. b3 e5 36. fxe5+ Kxe5 37. Re1+ Be4 38. Bd3 Kd5 39. Bxe4+ fxe4
40. Kxg4 d3 41. Rd1 Kd4 42. Kf4 Kc3 43. Kxe4 1-0

[Event "VI Open Natale Vomero"]
[Site "Napoli ITA"]
[Date "2010.12.03"]
[Round "5"]
[White "Accardo, Francesco"]
[Black "Bevilacqua, Michele"]
[Result "1-0"]
[WhiteElo "1856"]
[BlackElo "1773"]
[PlyCount "57"]
[EventDate "2010.11.05"]

1. g4 d5 2. Bg2 c6 3. h3 e5 4. d4 e4 5. c4 Bd6 6. Nc3 Be6 7. h4 Nf6 8. g5 Ng4
9. Nh3 h6 10. g6 fxg6 11. Qb3 Qe7 12. c5 Bh2 13. Rxh2 Nxh2 14. Bf4 Ng4 15.
O-O-O Bc8 16. Qa4 Nd7 17. b4 Kf7 18. b5 Nxc5 19. dxc5 Qxc5 20. Kb2 Bd7 21. Bxe4
cxb5 22. Qb3 Nf6 23. Bxd5+ Nxd5 24. Rxd5 Be6 25. Rd7+ Kf6 26. Ne4+ Kf5 27. Rf7+
Bxf7 28. Qxf7+ Kxe4 29. Qe6+ 1-0

[Event "VI Open Natale Vomero"]
[Site "Napoli ITA"]
[Date "2010.12.03"]
[Round "5"]
[White "Caiazzo, Diego"]
[Black "Ficco, Corrado"]
[Result "0-1"]
[WhiteElo "1870"]
[BlackElo "2136"]
[PlyCount "106"]
[EventDate "2010.11.05"]

1. Nf3 d5 2. b3 c5 3. e3 Nf6 4. Bb2 g6 5. Be2 Bg7 6. O-O O-O 7. d4 Ne4 8. c3
Nc6 9. Nbd2 b6 10. Nxe4 dxe4 11. Nd2 f5 12. f3 cxd4 13. cxd4 exf3 14. Bxf3 Bb7
15. Rc1 Rc8 16. Nc4 b5 17. Ne5 Qd6 18. Nxc6 Bxc6 19. Qe2 Bxf3 20. Qxf3 e5 21.
Rxc8 Rxc8 22. dxe5 Bxe5 23. Bxe5 Qxe5 24. Rd1 a6 25. Qd5+ Qxd5 26. Rxd5 Rc1+
27. Kf2 Rc2+ 28. Kf3 Rxa2 29. h3 Ra3 30. b4 Rb3 31. Rd4 Rc3 32. Kf4 Kg7 33. g4
fxg4 34. hxg4 Rc4 35. Ke5 h5 36. Rd7+ Kh6 37. gxh5 Kxh5 38. Rd4 g5 39. Kf5 Rc8
40. Rd1 Rf8+ 41. Ke4 g4 42. Rh1+ Kg5 43. Rg1 Kh4 44. Kd5 g3 45. e4 Kh3 46. e5
Kh2 47. Rxg3 Kxg3 48. e6 Kf4 49. Kd6 Ke4 50. Ke7 Ra8 51. Kf7 Kd5 52. Ke7 Ra7+
53. Kf6 Kd6 0-1

[Event "VI Open Natale Vomero"]
[Site "Napoli ITA"]
[Date "2010.12.03"]
[Round "5"]
[White "Cangiano, Federico"]
[Black "Franzese, Luigi"]
[Result "1/2-1/2"]
[WhiteElo "1955"]
[BlackElo "1838"]
[PlyCount "146"]
[EventDate "2010.11.05"]

1. e4 c5 2. c3 Nc6 3. Nf3 d6 4. d4 Nf6 5. Bd3 e5 6. dxe5 dxe5 7. h3 h6 8. Na3
a6 9. Nc4 Qc7 10. a4 Be6 11. Ne3 Rd8 12. Qe2 Be7 13. O-O O-O 14. Nc4 Rd7 15.
Be3 Rfd8 16. Bc2 Bxc4 17. Qxc4 Na5 18. Qe2 c4 19. Rfd1 Bc5 20. Bxc5 Qxc5 21.
Rxd7 Rxd7 22. Rd1 Qc7 23. Rxd7 Nxd7 24. Qd2 Nf6 25. Qe3 b6 26. Nd2 Nb7 27. Bd1
Nd6 28. Be2 Qc6 29. f3 Nh5 30. Bf1 Nf4 31. g3 Ne6 32. Qe2 b5 33. axb5 axb5 34.
Qe3 Kf8 35. h4 Ke7 36. Qa7+ Qd7 37. Qxd7+ Kxd7 38. b3 cxb3 39. Nxb3 Kc7 40. Kf2
Kb6 41. Ke3 Nc5 42. Nc1 Na4 43. Na2 Kc5 44. Kd3 Nb2+ 45. Kc2 Nbc4 46. Bd3 f6
47. Nb4 Ne3+ 48. Kd2 Nec4+ 49. Bxc4 Kxc4 50. Nd5 Kc5 51. Nc7 Kc4 52. Ne6 Ne8
53. h5 Kb3 54. Kd3 b4 55. Nc5+ Ka3 56. Kc4 Nd6+ 57. Kd5 bxc3 58. Kxd6 c2 59.
Nd3 Kb3 60. Ke7 Kc3 61. Nc1 Kd2 62. Na2 Ke3 63. Kf7 Kxf3 64. Kxg7 Kxe4 65. Kxh6
Kf3 66. Kg6 e4 67. h6 e3 68. h7 e2 69. h8=Q e1=Q 70. Qxf6+ Kxg3 71. Qg5+ Kh2
72. Qf4+ Qg3+ 73. Qxg3+ Kxg3 1/2-1/2

[Event "VI Open Natale Vomero"]
[Site "Napoli ITA"]
[Date "2010.12.03"]
[Round "5"]
[White "Cosenza, Gianni"]
[Black "Seletsky, Grigory"]
[Result "0-1"]
[WhiteElo "1940"]
[BlackElo "2317"]
[PlyCount "86"]
[EventDate "2010.11.05"]

1. e4 c5 2. Nf3 Nc6 3. d4 cxd4 4. Nxd4 e5 5. Nb5 a6 6. Nd6+ Bxd6 7. Qxd6 Qf6 8.
Qxf6 Nxf6 9. f3 d5 10. exd5 Nxd5 11. c3 Bf5 12. Bc4 O-O-O 13. O-O f6 14. Re1
Nb6 15. Bf1 Bd3 16. Nd2 Na4 17. Nc4 b5 18. Ne3 Kb7 19. Nd1 Bxf1 20. Rxf1 Rd3
21. Nf2 Rd5 22. Ne4 f5 23. b3 Nb6 24. c4 bxc4 25. bxc4 Nxc4 26. Nc3 Ra5 27. Bg5
h6 28. Bh4 g5 29. Bf2 Rd8 30. Rfb1+ Kc7 31. a4 Rd3 32. Rb3 Kd7 33. Rab1 Ke6 34.
Be1 Nd4 35. Rb8 Rc5 36. Kf2 Nd6 37. Rh8 Rcxc3 38. Bxc3 Rxc3 39. Rxh6+ Kd5 40.
Rb6 Nc4 41. Rxa6 Rc2+ 42. Kg3 Ne2+ 43. Kf2 Nf4+ 0-1

[Event "VI Open Natale Vomero"]
[Site "Napoli ITA"]
[Date "2010.12.03"]
[Round "5"]
[White "D'Orta, Antonio"]
[Black "De Rosa, Francesco"]
[Result "1-0"]
[WhiteElo "1909"]
[BlackElo "1980"]
[PlyCount "44"]
[EventDate "2010.11.05"]

1. e4 c5 2. f4 d6 3. c3 Nc6 4. d4 cxd4 5. cxd4 d5 6. e5 Bf5 7. Bb5 Bxb1 8.
Bxc6+ bxc6 9. Rxb1 Qb6 10. Nf3 e6 11. O-O Nh6 12. b4 Nf5 13. g4 Nh6 14. Ng5 Be7
15. f5 Qd8 16. Nh3 exf5 17. gxf5 Qc8 18. Qh5 Bd8 19. Kh1 Qa6 20. Bxh6 gxh6 21.
e6 O-O 22. Qxh6 Kh8 1-0

[Event "VI Open Natale Vomero"]
[Site "Napoli ITA"]
[Date "2010.12.03"]
[Round "5"]
[White "Esposito, Rosario"]
[Black "Taurisano, Vincenzo"]
[Result "1-0"]
[WhiteElo "1822"]
[BlackElo "1781"]
[PlyCount "67"]
[EventDate "2010.11.05"]

1. d4 d5 2. c4 e6 3. Nc3 c5 4. cxd5 exd5 5. Nf3 Nf6 6. Bg5 Be7 7. g3 Nc6 8. e3
O-O 9. Bg2 Be6 10. O-O Rc8 11. a3 a6 12. dxc5 Bxc5 13. b4 Be7 14. Rc1 h6 15.
Bf4 g5 16. Be5 Nxe5 17. Nxe5 Kg7 18. Nf3 Ne4 19. Nxe4 dxe4 20. Nd4 Rxc1 21.
Nxe6+ fxe6 22. Qxc1 Qc8 23. Bxe4 b6 24. Rd1 a5 25. bxa5 Qxc1 26. Rxc1 bxa5 27.
Rc7 Kf6 28. a4 Rf7 29. Rc4 Rf8 30. Rc6 Ke5 31. Bd3 Rd8 32. Bc4 Rd1+ 33. Kg2 Ra1
34. Rxe6+ 1-0

[Event "VI Open Natale Vomero"]
[Site "Napoli ITA"]
[Date "2010.12.03"]
[Round "5"]
[White "Miccoli, Livio"]
[Black "Russo Spena, Vincenzo"]
[Result "1-0"]
[WhiteElo "1704"]
[BlackElo "1397"]
[PlyCount "97"]
[EventDate "2010.11.05"]

1. e4 g6 2. f4 Bg7 3. Nf3 d6 4. d4 Nd7 5. Bc4 h6 6. O-O c5 7. Nc3 Nb6 8. Bxf7+
Kxf7 9. dxc5 Bxc3 10. bxc3 Na4 11. Qd5+ Be6 12. Qd4 Nf6 13. Qxa4 Qc7 14. cxd6
Qc5+ 15. Qd4 exd6 16. Be3 Rhc8 17. Ng5+ hxg5 18. fxg5 Qxc3 19. Qxf6+ Qxf6 20.
Rxf6+ Ke7 21. Rxg6 Rxc2 22. Rg7+ Ke8 23. Rh7 Kf8 24. Rh8+ Bg8 25. h4 Re2 26.
Bf4 Rd8 27. Rf1 Kg7 28. Rh6 Rxe4 29. Bxd6 Bxa2 30. Ra1 Re2 31. Rf6 Rb2 32. Be5
Re2 33. Rd6+ Rxe5 34. Rxd8 Be6 35. Rxa7 Bd5 36. Rd6 Bc6 37. Ra1 Re2 38. Kh2
Rxg2+ 39. Kh3 Re2 40. Ra3 Re1 41. Rg3 Rh1+ 42. Kg4 Bb5 43. Re3 Rg1+ 44. Kh5 Bc4
45. Re7+ Bf7+ 46. g6 Rxg6 47. Rxg6+ Kf8 48. Rxf7+ Kxf7 49. Rb6 1-0

[Event "VI Open Natale Vomero"]
[Site "Napoli ITA"]
[Date "2010.12.03"]
[Round "5"]
[White "Vannini, Aldo"]
[Black "Somma, Andrea"]
[Result "1/2-1/2"]
[WhiteElo "1802"]
[BlackElo "1422"]
[PlyCount "120"]
[EventDate "2010.11.05"]

1. d4 d5 2. Bf4 Bf5 3. e3 e6 4. c3 Nf6 5. h3 h6 6. Nf3 Nbd7 7. Nbd2 c5 8. Be2
Be7 9. O-O O-O 10. dxc5 Nxc5 11. Nb3 Qb6 12. Nxc5 Bxc5 13. Qb3 Qxb3 14. axb3
Ne4 15. Rfd1 Rfd8 16. Be5 Bd6 17. Bxd6 Nxd6 18. Bd3 Bxd3 19. Rxd3 Ne4 20. Rad1
Nc5 21. Rd4 Nxb3 22. Rb4 Nc5 23. Rb5 b6 24. Ne5 Rd6 25. c4 Rad8 26. cxd5 Rxd5
27. Rxd5 Rxd5 28. Nc6 Rd1+ 29. Kh2 Ra1 30. Kg3 Ra2 31. Kf3 Nd3 32. Ke2 Rxb2+
33. Rxb2 Nxb2 34. Nxa7 Kf8 35. Kf3 f5 36. e4 Nc4 37. exf5 exf5 38. Kf4 g6 39.
g4 fxg4 40. hxg4 Ke7 41. Nb5 g5+ 42. Kg3 Nd6 43. Nd4 b5 44. f4 Kf6 45. Kf3 b4
46. f5 h5 47. gxh5 Nxf5 48. Nb3 Nh6 49. Nd4 Nf5 50. Nb3 Kg7 51. Kg4 Kf6 52. Kf3
Ng7 53. Kg4 Ne6 54. Nd2 Ng7 55. Ne4+ Kf7 56. Kxg5 Nxh5 57. Kxh5 b3 58. Kg5 Ke6
59. Kf4 Kd5 60. Nd2 b2 1/2-1/2

[Event "VI Open Natale Vomero"]
[Site "Napoli ITA"]
[Date "2010.12.03"]
[Round "5"]
[White "Zinnai, Graziano Matteo"]
[Black "Capozzoli, Silvio"]
[Result "1-0"]
[WhiteElo "1794"]
[BlackElo "1918"]
[PlyCount "103"]
[EventDate "2010.11.05"]

1. e4 c5 2. Nf3 Nc6 3. d3 Nf6 4. c3 d5 5. Nbd2 e5 6. Be2 Be7 7. O-O O-O 8. Qc2
d4 9. h3 Nh5 10. Nc4 Qc7 11. Nxd4 Ng3 12. Nxc6 Nxe2+ 13. Qxe2 bxc6 14. f4 f6
15. fxe5 fxe5 16. Be3 Be6 17. Nd2 Rad8 18. Nf3 Kh8 19. Bf2 Bd6 20. Ng5 Bg8 21.
Be3 Be7 22. b3 Qd6 23. Rad1 Rxf1+ 24. Qxf1 Rf8 25. Qe2 Qg6 26. Nf3 Qh5 27. Nd4
Qg6 28. Nf5 Qe8 29. Rf1 Be6 30. Nxe7 Qxe7 31. Rxf8+ Qxf8 32. Qf2 Qb8 33. Bxc5
Qb5 34. c4 Qa6 35. Bxa7 Qa3 36. Bc5 Qc1+ 37. Kh2 Qg5 38. Bd6 Qf6 39. Qg3 Qf4
40. Qxf4 exf4 41. Bxf4 Kg8 42. a4 Kf7 43. a5 Bc8 44. b4 Ke6 45. b5 cxb5 46.
cxb5 Kd7 47. d4 Bb7 48. d5 g6 49. a6 Bc8 50. Kg3 g5 51. Bxg5 Kd6 52. Be3 1-0

[Event "VI Open Natale Vomero"]
[Site "Napoli ITA"]
[Date "2010.12.17"]
[Round "6"]
[White "Bevilacqua, Michele"]
[Black "Taurisano, Vincenzo"]
[Result "0-1"]
[WhiteElo "1773"]
[BlackElo "1781"]
[PlyCount "68"]
[EventDate "2010.11.05"]

1. e4 c6 2. d4 d5 3. f3 e6 4. Nc3 Nf6 5. Bf4 Be7 6. Qd2 O-O 7. h3 Nh5 8. Bh2
Bh4+ 9. Kd1 Ng3 10. Bxg3 Bxg3 11. Nge2 Bd6 12. e5 Be7 13. f4 c5 14. g4 Nc6 15.
g5 cxd4 16. Nxd4 a6 17. a3 Bd7 18. Nce2 Qb6 19. b4 Rfc8 20. Nxc6 Bxc6 21. Nd4
Bd7 22. Nb3 Qc7 23. Kc1 Ba4 24. Kb2 Bxb3 25. Kxb3 d4 26. Bd3 Qb6 27. f5 Rc3+
28. Kb2 a5 29. b5 exf5 30. Bxf5 Qxb5+ 31. Kc1 Qxe5 32. Rf1 Rac8 33. Kb2 Qb5+
34. Kc1 Qxf1+ 0-1

[Event "VI Open Natale Vomero"]
[Site "Napoli ITA"]
[Date "2010.12.17"]
[Round "6"]
[White "De Rosa, Francesco"]
[Black "Caiazzo, Diego"]
[Result "1/2-1/2"]
[WhiteElo "1980"]
[BlackElo "1870"]
[PlyCount "173"]
[EventDate "2010.11.05"]

1. e4 e6 2. d3 c5 3. Nf3 d6 4. g3 Nf6 5. Bg2 Be7 6. e5 dxe5 7. Nxe5 O-O 8. Nc3
Nbd7 9. Nc4 Nb6 10. O-O Nxc4 11. dxc4 Qxd1 12. Rxd1 Rd8 13. Rxd8+ Bxd8 14. Be3
Be7 15. Na4 Nd7 16. Rd1 Kf8 17. b3 Ke8 18. Nc3 a6 19. Ne4 Ra7 20. Nd6+ Bxd6 21.
Rxd6 Ke7 22. Rd1 b6 23. a4 a5 24. Bc6 Ne5 25. Bb5 Bb7 26. h4 Bf3 27. Rd2 Ng4
28. c3 Nxe3 29. fxe3 Be4 30. Kf2 h5 31. b4 Rc7 32. bxa5 bxa5 33. Ke2 f6 34. Rd1
Rb7 35. Ke1 Rb6 36. Rd2 Rd6 37. Ke2 Rxd2+ 38. Kxd2 Kd6 39. Ke2 Ke5 40. Be8 g6
41. Bf7 Kf5 42. Kf2 Bd3 43. Kf3 e5 44. Bd5 e4+ 45. Kf2 Kg4 46. Be6+ f5 47. Bf7
g5 48. hxg5 Kxg5 49. Be6 Bc2 50. Bd7 Bd1 51. Be8 Bg4 52. Ke1 h4 53. gxh4+ Kxh4
54. Kf2 Bd1 55. Bd7 Kg4 56. Kg2 Bb3 57. Bc6 Bxc4 58. Bb5 Be6 59. Be2+ Kg5 60.
Kg3 Bb3 61. Bb5 Bc2 62. Bd7 Bd1 63. Bc6 Be2 64. Bb5 Bh5 65. Bd7 Bf7 66. Bb5 Be6
67. Bc6 Kf6 68. Kf4 Bb3 69. Bd7 Bc2 70. Bb5 Ke6 71. Be8 Bb3 72. Bb5 Bc2 73. Be8
Bd3 74. Bc6 Bc4 75. Be8 Kf6 76. Bd7 Be6 77. Bb5 Bc8 78. Be8 Ke7 79. Bb5 Kd6 80.
Be8 Be6 81. Bb5 Kd5 82. Kg5 Ke5 83. Be8 Kd5 84. Bb5 Kd6 85. Kf4 Bc8 86. Be8 Kd5
87. Bb5 1/2-1/2

[Event "VI Open Natale Vomero"]
[Site "Napoli ITA"]
[Date "2010.12.17"]
[Round "6"]
[White "Ficco, Corrado"]
[Black "D'Orta, Antonio"]
[Result "1-0"]
[WhiteElo "2136"]
[BlackElo "1909"]
[PlyCount "91"]
[EventDate "2010.11.05"]

1. e4 c6 2. d4 d5 3. Nd2 Nf6 4. e5 Ne4 5. Nxe4 dxe4 6. Bc4 Bf5 7. Ne2 e6 8. O-O
Nd7 9. Ng3 Nb6 10. Be2 Qh4 11. Be3 Nd5 12. Qd2 Be7 13. f3 exf3 14. Bxf3 Nxe3
15. Qxe3 Bxc2 16. Qc3 Bg6 17. Bxc6+ Kf8 18. Bxb7 Rd8 19. Rad1 f6 20. d5 exd5
21. Rxd5 Rxd5 22. Bxd5 Qb4 23. exf6 Bc5+ 24. Kh1 Qxc3 25. bxc3 gxf6 26. Rxf6+
Ke7 27. Rf3 Rb8 28. Bb3 a5 29. h4 Kd6 30. h5 a4 31. hxg6 axb3 32. axb3 hxg6 33.
Ne4+ Kd5 34. Nxc5 Kxc5 35. b4+ Kc4 36. Kh2 g5 37. Kg3 Rh8 38. Kg4 Rg8 39. Kf5
Kd5 40. Rd3+ Kc4 41. Rg3 Kb3 42. Kf6 Kc4 43. Rxg5 Rf8+ 44. Kg7 Rf2 45. Rc5+ Kb3
46. g4 1-0

[Event "VI Open Natale Vomero"]
[Site "Napoli ITA"]
[Date "2010.12.17"]
[Round "6"]
[White "Franzese, Luigi"]
[Black "Zinnai, Graziano Matteo"]
[Result "1-0"]
[WhiteElo "1838"]
[BlackElo "1794"]
[PlyCount "155"]
[EventDate "2010.11.05"]

1. Nf3 Nf6 2. c4 c6 3. g3 d5 4. b3 h6 5. Bg2 Bf5 6. Bb2 Nbd7 7. O-O e6 8. d3
Be7 9. Nc3 O-O 10. h3 a6 11. Qc2 b5 12. e4 dxe4 13. dxe4 Bh7 14. a3 Nc5 15.
Rad1 Qc7 16. Nd4 e5 17. Nf5 Ne6 18. Nxe7+ Qxe7 19. Ne2 Nc5 20. Nc3 Qe6 21. b4
Na4 22. Nxa4 bxa4 23. c5 Qb3 24. Qxb3 axb3 25. Rfe1 Rad8 26. f3 Rfe8 27. Bf1
Nh5 28. Kf2 f6 29. Bxa6 Bg6 30. Bc4+ Bf7 31. Bxf7+ Kxf7 32. Bc1 g5 33. Rd6 Rxd6
34. cxd6 Rd8 35. Rd1 Ke6 36. Rd3 Rxd6 37. Rxb3 Kd7 38. a4 Ng7 39. Ke2 Ne6 40.
Be3 Kc7 41. Rd3 Nd4+ 42. Bxd4 exd4 43. Ra3 Kb6 44. Kd3 c5 45. bxc5+ Kxc5 46. a5
Ra6 47. Ra4 Kb5 48. Rxd4 Kxa5 49. Rd5+ Kb4 50. Rf5 Rc6 51. h4 Ra6 52. hxg5 fxg5
53. Kd4 Rg6 54. g4 Ra6 55. e5 Kb5 56. Rf6 Ra3 57. Ke4 Ra4+ 58. Kf5 Kc5 59. Kg6
Kd5 60. e6 Kd6 61. Kxh6 Ra5 62. Rf5 Ra3 63. Kxg5 Kxe6 64. f4 Rh3 65. Rf6+ Ke7
66. Rh6 Rg3 67. Rh7+ Kf8 68. f5 Kg8 69. Rh4 Kg7 70. Kf4 Ra3 71. g5 Ra4+ 72. Kg3
Ra3+ 73. Kg4 Ra4+ 74. Kh5 Ra5 75. Rf4 Rb5 76. f6+ Kf7 77. Kh6 Rb3 78. g6+ 1-0

[Event "VI Open Natale Vomero"]
[Site "Napoli ITA"]
[Date "2010.12.17"]
[Round "6"]
[White "Gallina, Giacomo"]
[Black "Miccoli, Livio"]
[Result "1-0"]
[WhiteElo "1704"]
[BlackElo "1704"]
[PlyCount "109"]
[EventDate "2010.11.05"]

1. e4 e6 2. d3 d5 3. Nd2 b6 4. g3 Bb7 5. Bg2 Nf6 6. e5 Nfd7 7. Ngf3 c5 8. O-O
Nc6 9. Re1 Qc7 10. Qe2 Be7 11. b3 d4 12. a3 O-O 13. h4 Rad8 14. Nf1 b5 15. N1h2
Nb6 16. Ng5 h6 17. Nh3 Nd5 18. Qh5 Rfe8 19. Ng4 Bf8 20. Bxd5 exd5 21. Bf4 Re6
22. Re2 Ne7 23. Rae1 Bc8 24. Bxh6 g6 25. Qg5 Nf5 26. Bxf8 Kxf8 27. Nf4 Ra6 28.
Nf6 Be6 29. g4 Ng7 30. Nh7+ Ke8 31. Nf6+ Kf8 32. Nh7+ Ke8 33. Qf6 Bxg4 34. Qxg7
Bxe2 35. Qf8+ Kd7 36. Qxf7+ Kc8 37. Qxc7+ Kxc7 38. Rxe2 Re8 39. Nxd5+ Kc6 40.
Ndf6 Re7 41. f4 Rxa3 42. Nf8 c4 43. bxc4 bxc4 44. Nxg6 Rg7 45. f5 cxd3 46. cxd3
Rxd3 47. e6 Rd1+ 48. Kf2 d3 49. Ra2 d2 50. Ke2 Rh1 51. Rxd2 Rh2+ 52. Kd3 Rh3+
53. Ke4 Rc3 54. e7 Rc4+ 55. Kd3 1-0

[Event "VI Open Natale Vomero"]
[Site "Napoli ITA"]
[Date "2010.12.17"]
[Round "6"]
[White "Pinto, Gaetano"]
[Black "Cosenza, Gianni"]
[Result "0-1"]
[WhiteElo "2041"]
[BlackElo "1940"]
[PlyCount "83"]
[EventDate "2010.11.05"]

1. d4 d5 2. Nf3 c6 3. e3 Bg4 4. c4 e6 5. Qb3 Qc7 6. Ne5 Bf5 7. Bd3 Bxd3 8. Nxd3
Nd7 9. Nd2 Ngf6 10. Nf3 Be7 11. Bd2 a5 12. c5 Ne4 13. Bc3 O-O 14. O-O g5 15.
Qc2 f5 16. b4 axb4 17. Bxb4 Rf6 18. Rfb1 Rh6 19. Be1 b5 20. cxb6 Nxb6 21. Qb3
Nc4 22. Qb7 Rc8 23. Qxc7 Rxc7 24. Bb4 Bxb4 25. Rxb4 Rf6 26. Nfe5 Ned6 27. Nxc4
Nxc4 28. a4 Na5 29. Nc5 f4 30. Rab1 fxe3 31. fxe3 Rcf7 32. Nd3 Nc4 33. Re1 Nxe3
34. h3 Nc2 35. Rb8+ Kg7 36. Rc1 Nxd4 37. Ne5 Ne2+ 38. Kh2 Nxc1 39. Nxf7 Kxf7
40. a5 Rf4 41. Rb1 Na2 42. Rb2 0-1

[Event "VI Open Natale Vomero"]
[Site "Napoli ITA"]
[Date "2010.12.17"]
[Round "6"]
[White "Seletsky, Grigory"]
[Black "Cangiano, Federico"]
[Result "1-0"]
[WhiteElo "2317"]
[BlackElo "1955"]
[PlyCount "81"]
[EventDate "2010.11.05"]

1. e4 e6 2. d4 d5 3. Nc3 Bb4 4. e5 c5 5. a3 Bxc3+ 6. bxc3 Ne7 7. Nf3 Qa5 8. Bd2
Qa4 9. Bd3 Nbc6 10. Be3 c4 11. Be2 Nf5 12. Bd2 Bd7 13. O-O h6 14. g4 Nfe7 15.
Nh4 g5 16. Ng2 O-O-O 17. f4 gxf4 18. Nxf4 Ng6 19. Nh5 Ngxe5 20. dxe5 Nxe5 21.
Be1 Qa5 22. Qd4 Nc6 23. Qe3 f5 24. gxf5 exf5 25. Nf6 Kb8 26. Bg3+ Ka8 27. Nxd7
Rxd7 28. Rxf5 Qd8 29. Qc5 Ne7 30. Rh5 Rg8 31. Rf1 Rc7 32. Qd4 Qe8 33. Kh1 Nc6
34. Qxd5 Rd7 35. Qxc4 Rd2 36. Bf3 Rf8 37. Re1 Qg6 38. Bxc6 Qxh5 39. Bxb7+ Kxb7
40. Rb1+ Ka8 41. Qc6# 1-0

[Event "VI Open Natale Vomero"]
[Site "Napoli ITA"]
[Date "2010.12.17"]
[Round "6"]
[White "Somma, Andrea"]
[Black "Borrelli, Salvatore"]
[Result "0-1"]
[WhiteElo "1422"]
[BlackElo "1965"]
[PlyCount "110"]
[EventDate "2010.11.05"]

1. e4 e5 2. Nf3 Nc6 3. Bc4 Bc5 4. c3 Nf6 5. d3 O-O 6. O-O d6 7. h3 Bb6 8. Bg5
h6 9. Bh4 g5 10. Nxg5 hxg5 11. Bxg5 Kg7 12. Qf3 Be6 13. Qg3 Rh8 14. Kh2 Bxc4
15. dxc4 Nxe4 16. Bf6+ Kxf6 17. Qf3+ Ke6 18. Qxe4 Qh4 19. Qd5+ Ke7 20. Nd2 f5
21. Nf3 Qf4+ 22. g3 Qe4 23. Nh4 Rag8 24. Rae1 Qxd5 25. cxd5 Rxh4 26. gxh4 Nd8
27. f4 e4 28. Re2 Rh8 29. Kg3 c6 30. c4 Nf7 31. a3 Kd7 32. b4 Bd8 33. Kf2 Rxh4
34. Kg2 Nh8 35. Ref2 Ng6 36. Kg3 Bf6 37. Rd2 Rh7 38. dxc6+ bxc6 39. b5 c5 40.
a4 Bd4 41. Ra2 Nh4 42. a5 Kc7 43. Rb1 Kb7 44. b6 a6 45. Rd2 Nf3 46. Rxd4 Nxd4
47. Rd1 e3 48. h4 e2 49. Re1 Rxh4 50. Rxe2 Nxe2+ 51. Kxh4 Nxf4 52. Kg5 Ng2 53.
Kxf5 Ne3+ 54. Ke6 Nxc4 55. Kd5 Nxa5 0-1

[Event "II Festival A"]
[Site "Pinerolo ITA"]
[Date "2010.11.14"]
[Round "5"]
[White "Bonino, Matteo"]
[Black "Pulito, Alberto"]
[Result "0-1"]
[WhiteElo "1818"]
[BlackElo "2271"]
[PlyCount "47"]
[EventDate "2010.11.12"]

1. d4 d5 2. Bf4 Nf6 3. e3 Bf5 4. c4 e6 5. Nc3 c6 6. Qb3 b5 7. cxb5 c5 8. Nf3
Nbd7 9. h3 c4 10. Qd1 Ne4 11. Be2 Bb4 12. Qa4 Qe7 13. Rc1 Nb6 14. Qd1 Nxc3 15.
bxc3 Ba3 16. O-O O-O 17. Ne5 f6 18. Nc6 Qd7 19. h4 a6 20. Nb4 Bxc1 21. Qxc1
axb5 22. h5 h6 23. g4 e5 24. Qd1 {...} 0-1

[Event "XXVII Open Anniversario"]
[Site "Provaglio d'Iseo ITA"]
[Date "2010.10.29"]
[Round "1"]
[White "Cristiani, Cesare"]
[Black "Bertoletti, Vincenzo"]
[WhiteElo "2159"]
[BlackElo "1737"]
[Result "1-0"]
[PlyCount "57"]
[EventDate "2010.10.29"]

1. d4 d5 2. c4 c6 3. Nf3 Nf6 4. e3 e6 5. Nc3 Bb4 6. Bd2 O-O 7. Bd3 dxc4 8. Bxc4
b5 9. Bb3 a5 10. O-O Nbd7 11. Re1 Bb7 12. e4 Qc7 13. e5 Bxc3 14. bxc3 Nd5 15.
Rc1 Ne7 16. Ng5 Ng6 17. Qh5 h6 18. Nxe6 fxe6 19. Qxg6 Nb6 20. Bxe6+ Kh8 21. Bf5
Rxf5 22. Qxf5 Bc8 23. e6 Nd5 24. Qe5 Qe7 25. Bxh6 Nc7 26. Bg5 Qe8 27. Qxc7 Bxe6
28. Qd6 Qg6 29. Be7 1-0